| 000 | 00347pab a2200145 454500 | ||
|---|---|---|---|
| 008 | 180718b1984 xxu||||| |||| 00| 0 eng d | ||
| 100 | _aStengrevics, John M. | ||
| 245 | _aManaging the group executive's job | ||
| 260 | _c1984 | ||
| 300 | _a19-32 | ||
| 362 | _aWinter | ||
| 650 | _aExecutives | ||
| 773 | _aOrganisational Dynamics | ||
| 909 | _a7892 | ||
| 999 |
_c7892 _d7892 |
||